00542nam a2200169Ia 4500001000900000003000500009005001700014008004100031010001100072040001800083100003000101245008700131260009600218300001000314500003800324650001000362dia_4275CHAP20251029162616.0220117s1987 xx 000 0 und d a174923 cCHAPamxchpua aViscaino Guardado, Arturo aBlanco 86 variedad de sorgo para el estado de Colima /c Arturo Viscaino Guardado aMéxico :b SARH, Instituto nacional de investigaciones forestales y agropecuarias,c1987 a11 p. aD. (Folleto para productores, 10) aSorgo